01955 a2200205 45000010006000000050017000060080041000230030015000640400040000790800033001192450045001520200018001972640036002153000016002515051308002671000022015757000025015977000028016228560099016504696020260407155739.0260407a1994 arg spa dAR-UNSa-BCEJYS aAR-UNSa-BCEJYSbspacAR-UNSa-BCEJYS a330.101.541xMacroeconomía10aMacroeconomía en la economía general a968-880-289-1 1aMéxico :bPrentice-Hallc1994 a789c26 cm. aParte I: Introducción: 1. Introducción - 2. Conceptos básicos en macroeconomía - 3. Determinación del producto: introducción de la oferta agregada y la demanda agregada -- Parte II: Economía Intertemporal: 4. Consumo y ahorro - 5. La inversión - 6. Ahorro, Inversión y la cuenta corriente - 7. El sector Gobierno -- Parte III: Economía Monetaria: 8. Demanda por dinero - 9. El proceso de oferta monetaria - 10. Dinero, tipo de cambio y precios - 11. Inflación: Aspectos fiscales y monetarios -- Parte IV: Determinación del producto, políticas de estabilización y crecimiento: 12. Políticas macroeconómicas y determinación del producto en una economía cerrada - 13. Políticas macroeconómicas en la economía abierta bajo tipo de cambio fijo - 14. Políticas macroeconómicas en la economía abierta bajo tipo de cambio flexible - 15. Inflación y desempleo - 16. Determinantes institucionales de los salarios y el desempleo - 17. El ciclo económico - 18. Crecimiento económico -- Parte V: Temas especiales en macroeconomía: 19. Teoría y práctica de la política económica - 20. Mercados financieros - 21. Bienes transables y no transables - 22. La crisis de deuda de los países en desarrollo - 23. Cómo detener una alta inflación. 1 aSachs, Jeffrey D.1 aLarraín B., Felipe1 aMuñoz Gomá, Roberto41uhttps://www.biblioeco.unsa.edu.ar/pmb/images/libros/L127356.jpgyImagen de portadaqimage/jpeg